000
00306nam a22001337a 4500
008
181012b xxu||||| |||| 00| 0 eng d
020
_a
0070050473
041
_a
eng
080
_a
574
100
_a
9
101
_a
MJE
245
_a
The Treatment of Industrial Wastes
_c
Besselievre, E.B
942
_2
udc
_c
BK
999
_c
49490
_d
49490